LEADER 00814nam a2200229 i 4500 001 000000152049 003 CaOOAMICUS 005 20060720000000.0 008 060720s1981 it u000 u ita u 013 $a129390 040 $aSeMil$bita 100 1 $aTozzi, Federigo,$d<1883-1920>.$0(OLS)http://semarc/name/1182 245 13$aLe poesie /$cFederigo Tozzi ; a cura di Glauco Tozzi. 300 $a347 p. 500 $aFondo Ciprandi. 700 1 $aTozzi, Glauco.$0(OLS)http://semarc/name/1217 773 0 $aTozzi, Federigo <1883-1920>$tOpere.$dFirenze : Vallecchi, copyr. 1961.$g5$w()1355 850 $aSeMil 852 $aSeMil$W1$xVenegono$y1$m1D VI 143$j104010$B104010$CSeMilBibl$Z2$F113091 $81 941 1 $a1 961 $aOmaggio: Ciprandi dott. Paolo 996 $6245$aLe poesie$9(OLS)http://semarc/title/10707 LEADER 00927nam a2200205 i 4500 001 000000217027 003 CaOOAMICUS 005 20121119000000.0 008 121119s1909 it u000 u ita u 013 $a195923 040 $aSeMil$bita 100 1 $aLabadini, Ausano.$0(OLS)http://semarc/name/74927 245 10$aMilano ed alcuni momenti del Risorgimento italiano :$bframmenti di cronaca /$cAusano Labadini. 260 $aMilano :$bPremiato stabilimento tipografico A. Rancati,$c1909. 300 $a532 p. ;$c23 cm. 650 4$aMilano - Risorgimento.$0(OLS)http://semarc/subject/35313 850 $aSeMil 852 $aSeMil$W1$xVenegono$y1$m3O IV 68$j167443$B167443$CSeMilBibl$Z2$F178236 $81 996 $6245$aMilano ed alcuni momenti del Risorgimento italiano :$bframmenti di cronaca$9(OLS)http://semarc/title/311913 996 $6260$aMilano :$bPremiato stabilimento tipografico A. Rancati$9(OLS)http://semarc/publisher/53027